00626nam a2200193Ia 4500008004100000020001400041082001500055100002000070245003200090250000700122260005600129300002900185500001900214600002100233650005000254942000700304952010600311999001500417240925s9999 xx 000 0 und d a201565331 a004.65 SCH aSchafer, Werner 0aSystem Network Architecture aNA aWokingham:bAddison-Wily Publishing Companyc,1992. aviii,222p.bNAfOriginal aIncludes Index aComputer Science aComputer science, information & general works cBK 011040708CSaUITUbUITUd2001-04-20eNAl0o004.65 SCHpQ3511r2024-09-25 07:13:10w2024-09-25yBK c6010d6010